| 000 | 01549nam a2200325 c 4500 | ||
|---|---|---|---|
| 003 | BLK | ||
| 005 | 20180422115512.0 | ||
| 008 | 180411b bul|||||r ||||||| ||bul|| | ||
| 010 | _aKNG00195861000 | ||
| 040 | _aBLK | ||
| 041 |
_aBUL _cBUL |
||
| 080 |
_aРуска литература _b821.161.1 _x-1 _z821.161.1-1 |
||
| 080 |
_aЛитература на отделни езици и езикови семейства _b821 _x-1 _z821-1 |
||
| 100 | 1 |
_aПантелеев, Димитър _eпърви автор _gМенкаджиев, Димитър Пантелеев _9367299 |
|
| 700 | 1 |
_aРаковски, Вътьо Драганов _eс предг. от _9365171 |
|
| 700 | 1 |
_aМенкаджиев, Димитър Пантелеев _e* _9274881 |
|
| 139 |
_aПантелеев, Димитър _bП 19 |
||
| 245 | 1 | 0 |
_aИзбрани преводи _bИз поезията на слав. народи _cДимитър Пантелеев; с предг. от Вътьо Драганов Раковски; * Димитър Пантелеев Менкаджиев. |
| 257 | _aBGR | ||
| 260 |
_аСофия _bНар. култура _c1984 |
||
| 300 |
_a347 с., 1 л. _bпортр. _c18 см |
||
| 380 | _aX | ||
| 490 | 1 | _aБългарски преводачи | |
| 500 | _aПълното име на авт. е Димитър Пантелеев Менкаджиев. - 1 325 тир. | ||
| 852 | _aЦб І 21686 | ||
| 856 | 4 |
_qpdf _u |
|
| 856 | 4 |
_qpdf _u |
|
| 942 |
_cKNG _n0 |
||
| 944 |
_aCR _c11.11.2016 _kПравда_Бадева |
||
| 944 |
_aED _c11.11.2016 _kПравда_Бадева |
||
| 999 |
_c186865 _d186865 |
||